<?xml version="1.0" encoding="UTF-8"?>
<record
    xmlns:xsi="http://www.w3.org/2001/XMLSchema-instance"
    xsi:schemaLocation="http://www.loc.gov/MARC21/slim http://www.loc.gov/standards/marcxml/schema/MARC21slim.xsd"
    xmlns="http://www.loc.gov/MARC21/slim">

  <leader>01423nam a2200325   4500</leader>
  <controlfield tag="001">114563</controlfield>
  <controlfield tag="003">DR-UNIBE</controlfield>
  <controlfield tag="005">20260410134340.0</controlfield>
  <controlfield tag="008">260409b2024    dr ||||| |||| 00| 1 spa d</controlfield>
  <datafield tag="020" ind1=" " ind2=" ">
    <subfield code="a">9789945954708</subfield>
  </datafield>
  <datafield tag="040" ind1=" " ind2=" ">
    <subfield code="a">BIBLIOTECA UNIBE</subfield>
    <subfield code="b">spa</subfield>
    <subfield code="c">BIBLIOTECA UNIBE</subfield>
    <subfield code="e">RDA</subfield>
  </datafield>
  <datafield tag="041" ind1=" " ind2=" ">
    <subfield code="a">spa</subfield>
  </datafield>
  <datafield tag="090" ind1=" " ind2=" ">
    <subfield code="a">FBIU-RO CJ C965d</subfield>
  </datafield>
  <datafield tag="100" ind1="1" ind2="0">
    <subfield code="a">Cueto, Amarilis</subfield>
    <subfield code="9">204160</subfield>
    <subfield code="e">autor</subfield>
  </datafield>
  <datafield tag="245" ind1="1" ind2="0">
    <subfield code="a">Dante grafito /</subfield>
    <subfield code="c">Amarilis Cueto ; edici&#xF3;n y correcci&#xF3;n: Rafael J. Rodr&#xED;guez P&#xE9;rez ; dise&#xF1;o: Carlos H. Bruz&#xF3;n ; ilustraciones: Rachel Ort&#xED;z de la Rosa ; comentaristas: Rafael J. Rodr&#xED;guez P&#xE9;rez y Geraldine De Santis</subfield>
  </datafield>
  <datafield tag="250" ind1=" " ind2=" ">
    <subfield code="a">Primera edici&#xF3;n</subfield>
  </datafield>
  <datafield tag="260" ind1=" " ind2=" ">
    <subfield code="a">Santo Domingo:</subfield>
    <subfield code="b">R&#xED;o de Oro Editores ,</subfield>
    <subfield code="c">2025</subfield>
  </datafield>
  <datafield tag="300" ind1=" " ind2=" ">
    <subfield code="a">34 p&#xE1;ginas :</subfield>
    <subfield code="b">ilustraciones a color</subfield>
    <subfield code="c">23 x 20 cm</subfield>
  </datafield>
  <datafield tag="490" ind1=" " ind2=" ">
    <subfield code="a">Colecci&#xF3;n carajitos</subfield>
  </datafield>
  <datafield tag="500" ind1=" " ind2=" ">
    <subfield code="a">Incluye biograf&#xED;a del autor al inicio de la obra y comentarios de la obra en la contraportada</subfield>
  </datafield>
  <datafield tag="653" ind1="0" ind2="7">
    <subfield code="a">Cuentos juveniles dominicanos</subfield>
  </datafield>
  <datafield tag="653" ind1="0" ind2="7">
    <subfield code="a">Literatura juvenil dominicana</subfield>
  </datafield>
  <datafield tag="653" ind1="0" ind2="7">
    <subfield code="a">Grafito - Cuentos juveniles dominicanos</subfield>
  </datafield>
  <datafield tag="653" ind1="0" ind2="7">
    <subfield code="a">Sue&#xF1;os - Cuentos juveniles dominicanos</subfield>
  </datafield>
  <datafield tag="700" ind1="1" ind2="0">
    <subfield code="a">Rodr&#xED;guez P&#xE9;rez, Rafael J.</subfield>
    <subfield code="9">198242</subfield>
    <subfield code="e">editor</subfield>
    <subfield code="e">corrector de estilo</subfield>
    <subfield code="e">comentarista</subfield>
  </datafield>
  <datafield tag="700" ind1="1" ind2="0">
    <subfield code="a">Bruz&#xF3;n, Carlos H.</subfield>
    <subfield code="9">162497</subfield>
    <subfield code="e">dise&#xF1;ador</subfield>
  </datafield>
  <datafield tag="700" ind1="1" ind2="0">
    <subfield code="a">Ort&#xED;z La Rosa, Rachel</subfield>
    <subfield code="9">160245</subfield>
    <subfield code="e">ilustrador</subfield>
  </datafield>
  <datafield tag="700" ind1="1" ind2="0">
    <subfield code="a">Santis, G&#xE9;raldine de, </subfield>
    <subfield code="d">1980-</subfield>
    <subfield code="9">53457</subfield>
    <subfield code="e">comentarista</subfield>
  </datafield>
  <datafield tag="942" ind1=" " ind2=" ">
    <subfield code="2">ddc</subfield>
    <subfield code="c">BK</subfield>
  </datafield>
  <datafield tag="999" ind1=" " ind2=" ">
    <subfield code="c">114563</subfield>
    <subfield code="d">114563</subfield>
  </datafield>
  <datafield tag="952" ind1=" " ind2=" ">
    <subfield code="0">0</subfield>
    <subfield code="1">0</subfield>
    <subfield code="2">ddc</subfield>
    <subfield code="7">1</subfield>
    <subfield code="8">FBIU</subfield>
    <subfield code="a">Principal</subfield>
    <subfield code="d">2026-02-11</subfield>
    <subfield code="l">0</subfield>
    <subfield code="o">FBIU-RO CJ C965d</subfield>
    <subfield code="p">FBIU0934</subfield>
    <subfield code="r">2026-04-09 14:05:53</subfield>
    <subfield code="t">Ej. 1</subfield>
    <subfield code="w">2026-04-09</subfield>
    <subfield code="y">BK-RES</subfield>
  </datafield>
</record>
